| 000 -LEADER |
| fixed length control field |
00772nam a22002177a 4500 |
| 001 - CONTROL NUMBER |
| control field |
8348 |
| 003 - CONTROL NUMBER IDENTIFIER |
| control field |
BD-DhUAP |
| 005 - DATE AND TIME OF LATEST TRANSACTION |
| control field |
20210128112152.0 |
| 008 - FIXED-LENGTH DATA ELEMENTS--GENERAL INFORMATION |
| fixed length control field |
200208s1992 ii ||||| |||| 00| 0 eng d |
| 040 ## - CATALOGING SOURCE |
| Original cataloging agency |
BD-DhUAP |
| Language of cataloging |
Eng |
| Transcribing agency |
BD-DhUAP |
| Modifying agency |
BD-DhUAP |
| 082 ## - DEWEY DECIMAL CLASSIFICATION NUMBER |
| Edition number |
23 |
| Classification number |
345.54002632 RAN |
| 100 ## - MAIN ENTRY--PERSONAL NAME |
| Personal name |
Ranchhoddas, Ratanlal. |
| 245 ## - TITLE STATEMENT |
| Title |
Ratanlal & Dhirajlal's the Indian Penal Code (Act XLV of 1860) : |
| Remainder of title |
with exhaustive notes, comments, case-law references and state amendments..... / |
| Statement of responsibility, etc. |
Ratanlal Ranchhoddas and Dhirajlal Keshavlal Thakore. |
| 250 ## - EDITION STATEMENT |
| Edition statement |
28th rev. ed. |
| 260 ## - PUBLICATION, DISTRIBUTION, ETC. |
| Place of publication, distribution, etc. |
Nagpur : |
| Name of publisher, distributor, etc. |
Law publishers, |
| Date of publication, distribution, etc. |
c1992. |
| 300 ## - PHYSICAL DESCRIPTION |
| Extent |
927 pages ; |
| Dimensions |
25 cm. |
| 500 ## - GENERAL NOTE |
| General note |
Include index. |
| 650 ## - SUBJECT ADDED ENTRY--TOPICAL TERM |
| Topical term or geographic name entry element |
Criminal law |
| Geographic subdivision |
India. |
| 700 ## - ADDED ENTRY--PERSONAL NAME |
| Personal name |
Thakore, Dhirajlal Keshavlal. |
| 942 ## - ADDED ENTRY ELEMENTS (KOHA) |
| Source of classification or shelving scheme |
|
| Koha item type |
Book |